000 00300nam a22001337a 4500
008 181005b xxu||||| |||| 00| 0 eng d
020 _a9780071611664
041 _aeng
080 _a330.722
100 _a61
101 _aKON
245 _aIntermediate Accounting II
_cEnglard, B
942 _2udc
_cBK
999 _c48914
_d48914